Ventajas que reporta el velocipedismo bajo el punto de vista higiénico (Record no. 38214)

MARC details
000 -LEADER
campo de control de longitud fija 00774nam a2200193 i 4500
001 - NÚMERO DE CONTROL
campo de control 38214
003 - IDENTIFICADOR DE NÚMERO DE CONTROL
campo de control ES-MaACL
005 - FECHA Y HORA DE LA ÚLTIMA TRANSACCIÓN
campo de control 20251129063049.0
007 - CAMPO FIJO DE DESCRIPCIÓN FÍSICA--INFORMACIÓN GENERAL
campo de control de longitud fija t|
008 - DATOS DE LONGITUD FIJA--INFORMACIÓN GENERAL
campo de control de longitud fija 030224s1895 sp |||| | spa d
100 1# - ENTRADA PRINCIPAL--NOMBRE DE PERSONA
Nombre de persona Calatraveño y Valladares, Fernando,
Fechas asociadas al nombre 1851-1916
9 (RLIN) 126284
245 10 - MENCIÓN DEL TÍTULO
Título Ventajas que reporta el velocipedismo bajo el punto de vista higiénico
Resto del título : enfermedades que pueden derivarse del uso inmoderado de esta clase de sport : edades en que conviene tal gimnasia /
Mención de responsabilidad, etc. Dr. Calatraveño.
260 ## - PUBLICACIÓN, DISTRIBUCIÓN, ETC.
Lugar de publicación, distribución, etc. Vitoria :
Nombre del editor, distribuidor, etc. [s.n.],
Fecha de publicación, distribución, etc. 1895 (
Fabricante Imp. Domingo Sar)
300 ## - DESCRIPCIÓN FÍSICA
Extensión 26 p. ;
Dimensiones 22 cm.
650 #4 - PUNTO DE ACCESO ADICIONAL DE MATERIA--TÉRMINO DE MATERIA
Término de materia o nombre geográfico como elemento de entrada Ciclismo.
9 (RLIN) 151744
650 #4 - PUNTO DE ACCESO ADICIONAL DE MATERIA--TÉRMINO DE MATERIA
Término de materia o nombre geográfico como elemento de entrada Velocípedos.
9 (RLIN) 170619
852 ## - LOCALIZACIÓN
Ubicación ES-MaACL
Número de control de estantería T-854-F-4
Nota libre . - Dedicatoria autógrafa del autor
Holdings
Estatus retirado Estado de pérdida Estado de daño No para préstamo Colección Biblioteca de origen Biblioteca actual Ubicación en estantería Fecha de adquisición Fuente de adquisición Total de préstamos Signatura topográfica completa Código de barras Visto por última vez Precio de reemplazo Tipo de ítem Koha
        Colección de folletos Biblioteca del Ateneo de Madrid Biblioteca del Ateneo de Madrid Depósito folletos 17/01/2008     T-854-F-4 1040227 23/02/2023 23/02/2023 Folleto